Responses for show #2733 - Wednesday, June 19, 1996

Mary Hirschfeld game 3.

Contestants

[<< previous game]

Lyndia Lowy, a secretary from Los Angeles, California

Sally Cassil, a librarian from Santa Fe, New Mexico

Mary Hirschfeld, a professor of economics originally from Pullman, Washington (whose 2-day cash winnings total $31,202)

[next game >>]

Jeopardy! Round responses

ALICE IN WONDERLAND
HISPANIC HOLLYWOOD
GIFTS
HISTORIC AMERICANS
COMMON BONDS
"M" ON THE MAP
    $100 8
the Caterpillar

Lyndia
    $100 3
Desi Arnaz

Lyndia
    $100 23
St. Nicholas

Mary
    $100 18
(Mary: Who is [unintelligible] Calhoun?)

John C. Calhoun

MarySally
    $100 13
a pit

Sally
    $100 1
Minneapolis

Mary
    $200 9
the jury

Mary
    $200 4
Ricardo Montalban

Sally
    $200 24
the Statue of Liberty

Mary
    $200 19
Paul Revere

Lyndia
    $200 14
pie

Lyndia
    $200 2
(Mary: What is Mont Blanc?)

the Matterhorn

MarySally
    $300 28
the Mad Hatter

Lyndia
    $300 5
the Cisco Kid

Sally
    $300 25
Lafayette

Mary
    $300 20
Judge Roy Bean

Mary
    $300 15
Masters

Lyndia
    $300 10
Monaco

Mary
    $400 29
the March Hare

Mary
    $500 6
Rita Moreno

Sally
    $400 26
the Kennedy Center

Sally
    $400 21
Jefferson

Sally
    $400 16
blanket

Mary
    $400 11
(Lyndia: What is the Battle of Manila?)

Midway

SallyLyndia
    $500 30
the Gryphon

Sally
    $500 7
Irene Cara

Sally
    $500 27
the Duke of Marlborough

Lyndia
    $500 22
(Lyndia: What is the Temperance Party?)

the Prohibition Party

MaryLyndia
    $500 17
moving

Sally
    $500 12
the Mackenzie

Triple Stumper

Scores at the first commercial break (after clue 15):

Mary Sally Lyndia
$400 $2,200 $300

Scores at the end of the Jeopardy! Round:

Mary Sally Lyndia
$2,500 $4,100 $800

Double Jeopardy! Round responses

NOTABLE WOMEN
THE WINE CELLAR
OPERA CHARACTERS
SCIENTISTS
MICHIGAN CITIES
HERALDRY
    $200 3
Betsy Ross

Mary
    $200 1
Asti Spumante

Lyndia
    $200 9
William Tell

Sally
    $200 4
a star

Mary
    $200 20
Kalamazoo

Mary
    $200 18
the helmet

Lyndia
    $400 13
Sandra Day O'Connor

Mary
    $400 2
(Mary: What is the United States?)

Canada

MarySally
    $400 10
Wagner

Mary
    $400 5
Kinsey

Lyndia
    $400 21
Lansing

Mary
    $400 19
the crescent

Mary
    $600 14
Madame Tussaud

Lyndia
    $600 17
(Sally: What is sherry?)
(Mary: What is madeira?)

port

MarySally
Triple Stumper
    $600 11
Falstaff

Sally
    $600 6
(Sally: What are geneticists?)

botanists

MarySally
    $600 26
Pontiac

Mary
    $600 23
a lion

Mary
    $800 15
the Unsinkable Molly Brown

Lyndia
    $800 29
Riesling

Mary
    $800 12
Humperdinck

Mary
    $800 7
(Alex: It was the [*] scale, hence, Mr. [*], Frederich [*].)

Mohs

Triple Stumper
    $600 27
(Mary: What is Bay City?)

Detroit

Mary
    $800 24
a squirrel

Mary
    $1,000 16
Clare Boothe Luce

Lyndia
    $1000 30
Hungary

Lyndia
    $1000 22
Sappho

Mary
    $1000 8
(Mary: What is geometry?)

algebra

MarySally
    $1000 28
Flint

Mary
    $1000 25
Kenya

Mary

Scores at the end of the Double Jeopardy! Round:

Mary Sally Lyndia
$9,300 $5,100 $5,000

[wagering suggestions for these scores]

Final Jeopardy! Round responses

BUSINESS & INDUSTRY
LyndiaWhat's Adias?
$4,001
SallyWhat is Adidas?
$4,600
MaryWhat is Adidas?
$901
Adidas

Final scores:

Mary Sally Lyndia
$10,201 $9,700 $999
3-day champion: $41,403 2nd place: trip to the 1996 Olympics 3rd place: Zodiac watch

Game dynamics:

Coryat scores:

Mary Sally Lyndia
$9,900 $5,000 $5,000
26 R,
6 W
(including 1 DD)
16 R
(including 1 DD),
2 W
14 R
(including 1 DD),
2 W

Combined Coryat: $19,900

The J! Archive is created by fans, for fans. The Jeopardy! game show and all elements thereof, including but not limited to copyright and trademark thereto, are the property of Jeopardy Productions, Inc. and are protected under law. This website is not affiliated with, sponsored by, or operated by Jeopardy Productions, Inc. Join the discussion at JBoard.tv.